[Event "China-Africa Friendship"]
[Site "Changsha"]
[Date "2025.06.16"]
[Round "6"]
[White "Ashley, Christiana Naa Merl"]
[Black "Liu, Haoling"]
[Result "0-1"]
[WhiteElo "1519"]
[BlackElo "2035"]
[PlyCount "110"]
[EventDate "2025.06.15"]
[EventType "swiss (rapid)"]
[EventRounds "8"]
[EventCountry "CHN"]
[SourceTitle "CB26_2025"]
[SourceDate "2025.06.25"]
[SourceVersion "1"]
[SourceVersionDate "2025.06.25"]
[SourceQuality "1"]

1. d4 Nf6 2. Nf3 e6 3. Bf4 d5 4. Nc3 a6 5. e3 Bd6 6. Be5 0-0 7. Bd3 c5 8. dxc5 Bxc5 9. 0-0 Nc6 10. Bd4 Bd6 11. Bxf6 Qxf6 12. a3 h6 13. Rb1 Bc7 14. Ne2 e5 15. e4 dxe4 16. Bxe4 Rd8 17. Qc1 Be6 18. Bxc6 bxc6 19. Qe3 Bd5 20. Rfd1 Bxf3 21. Rxd8+ Rxd8 22. gxf3 Qg6+ 23. Ng3 Qxc2 24. Qc1 Rd2 25. Qxc2 Rxc2 26. Ne4 f5 27. Ng3 g6 28. b3 Bb6 29. Rf1 Bd4 30. Kg2 Kf7 31. Nh1 Rb2 32. Rc1 c5 33. b4 Ke6 34. bxc5 Kd7 35. c6+ Kc7 36. a4 a5 37. Rc4 Rb4 38. Rc2 Rb6 39. Ng3 Rxc6 40. Ra2 Rc4 41. Ne2 Bc5 42. Ng3 Kc6 43. Ne2 Kd5 44. Rd2+ Bd4 45. Ra2 Rb4 46. Nxd4 exd4 47. Kf1 d3 48. Ke1 Kd4 49. Kd2 Rb3 50. h3 f4 51. h4 h5 52. Ra1 Rb2+ 53. Ke1 Kc3 54. Ra3+ Kc2 55. Kf1 d2 0-1

[Event "China zt 3.5"]
[Site "Jiangxi"]
[Date "2025.03.29"]
[Round "8"]
[White "Song, Yihang"]
[Black "Liu, Haoling"]
[Result "1/2-1/2"]
[WhiteElo "1798"]
[BlackElo "1994"]
[PlyCount "129"]
[EventDate "2025.03.22"]
[EventType "swiss"]
[EventRounds "9"]
[EventCountry "CHN"]
[SourceTitle "CB14_2025"]
[SourceDate "2024.11.01"]
[SourceVersion "1"]
[SourceVersionDate "2024.11.01"]
[SourceQuality "1"]

1. d4 Nf6 2. c4 e6 3. g3 d5 4. Bg2 a6 5. Nf3 dxc4 6. 0-0 Nc6 7. e3 Rb8 8. Qe2 b5 9. b3 cxb3 10. axb3 Be7 11. Bd2 0-0 12. Rc1 Bb7 13. Ne1 Qd7 14. Nd3 Bd6 15. Nc5 Bxc5 16. Rxc5 Nd5 17. Nc3 Nce7 18. Nxd5 exd5 19. Rac1 c6 20. Bb4 Rfe8 21. Qd2 f5 22. h4 Kh8 23. R5c2 Ng8 24. Bh3 Nf6 25. Qd3 g6 26. Ra2 Kg7 27. Re1 Re6 28. Kg2 Rbe8 29. Raa1 Ne4 30. Qc2 Kg8 31. Rh1 Qc7 32. Rhe1 Qd8 33. Re2 Qd7 34. Ree1 Qf7 35. Ra2 h6 36. Re2 Kg7 37. Ra1 Rh8 38. Rh1 Qc7 39. Ra1 Rf6 40. Be1 Rf7 41. Ra2 Qd6 42. f3 Nf6 43. Ra1 Re8 44. Bf2 Rfe7 45. Ra2 Bc8 46. Ra1 Bb7 47. Ra2 h5 48. Qc1 Nd7 49. Rec2 Qb4 50. Be1 Qd6 51. Bd2 Nf6 52. Qe1 Qb8 53. Ra1 Qc8 54. Qe2 Qd7 55. Qd3 Re6 56. Rcc1 Qf7 57. Rc2 Bc8 58. Rac1 Bd7 59. Ra2 Bc8 60. Rac2 Qd7 61. Ra1 Qb7 62. Kh2 R6e7 63. Rca2 Qc7 64. Rc2 Qd6 65. Rac1 1/2-1/2

[Event "China zt 3.5"]
[Site "Jiangxi"]
[Date "2025.03.25"]
[Round "4"]
[White "Zhou, Yuxu"]
[Black "Liu, Haoling"]
[Result "1-0"]
[WhiteElo "2101"]
[BlackElo "1994"]
[PlyCount "67"]
[EventDate "2025.03.22"]
[EventType "swiss"]
[EventRounds "9"]
[EventCountry "CHN"]
[SourceTitle "CB14_2025"]
[SourceDate "2024.11.01"]
[SourceVersion "1"]
[SourceVersionDate "2024.11.01"]
[SourceQuality "1"]

1. Nf3 Nf6 2. g3 c6 3. Bg2 d5 4. 0-0 g6 5. d3 Bg7 6. Nbd2 0-0 7. e4 dxe4 8. dxe4 Be6 9. Qe2 Qc8 10. Re1 a5 11. Nc4 Nbd7 12. Ng5 Bxc4 13. Qxc4 Ng4 14. Qe2 h5 15. h3 Nh6 16. f4 Nc5 17. Be3 Ne6 18. c3 a4 19. a3 Ra5 20. Rad1 Rb5 21. Bf1 Qc7 22. Nxe6 fxe6 23. Qf2 e5 24. Bxb5 cxb5 25. Qd2 Nf7 26. Qd7 Rc8 27. Qxc7 Rxc7 28. Rd5 Nd6 29. fxe5 Nc4 30. Rxb5 Bxe5 31. Bf4 Bxf4 32. gxf4 Nd6 33. Rb4 b5 34. e5 1-0

[Event "Pozarevac Rudar FM2 12"]
[Site "Pozarevac"]
[Date "2024.12.13"]
[Round "4"]
[White "Ilic, Mia"]
[Black "Liu, Haoling"]
[Result "0-1"]
[WhiteElo "1794"]
[BlackElo "1928"]
[PlyCount "116"]
[EventDate "2024.12.10"]
[EventType "tourn"]
[EventRounds "9"]
[EventCountry "SRB"]
[SourceTitle "CB04_2025"]
[SourceDate "2025.01.22"]
[SourceVersion "1"]
[SourceVersionDate "2025.01.22"]
[SourceQuality "1"]

1. d4 d5 2. c4 e6 3. Nc3 c6 4. e4 dxe4 5. Nxe4 Bb4+ 6. Bd2 Qxd4 7. Bxb4 Qxe4+ 8. Be2 a5 9. Bf8 Ne7 10. Bxg7 Rg8 11. Bf6 Nd7 12. f3 Qf5 13. Bxe7 Kxe7 14. g3 Nc5 15. Qb1 e5 16. Qxf5 Bxf5 17. g4 Be6 18. Nh3 e4 19. Nf4 exf3 20. Nxe6 fxe6 21. Bxf3 Rad8 22. 0-0 Rd4 23. b3 Rf8 24. Rad1 e5 25. Rfe1 Kd6 26. Be4 Nxe4 27. Rxd4+ exd4 28. Rxe4 c5 29. Kg2 a4 30. h4 Rf6 31. g5 Re6 32. Kf3 h6 33. Kf4 hxg5+ 34. hxg5 a3 35. Kf5 Rxe4 36. Kxe4 Ke6 37. Kf4 Kf7 38. Ke4 Kg7 39. Kf4 Kg6 40. Kg4 Kf7 41. Kf4 Ke7 42. Ke4 Kf8 43. Kf4 Kf7 44. Kf3 Kg6 45. Kg4 b6 46. Kf4 Kh5 47. Kf5 d3 48. g6 d2 49. g7 d1Q 50. g8Q Qf3+ 51. Ke6 Qe2+ 52. Kf5 Qf2+ 53. Ke5 Qxa2 54. Qh7+ Kg4 55. Qg6+ Kf3 56. Qf5+ Ke2 57. Qe4+ Kd1 58. Qd3+ Qd2 0-1

[Event "Pozarevac Rudar FM2 12"]
[Site "Pozarevac"]
[Date "2024.12.12"]
[Round "3"]
[White "Liu, Haoling"]
[Black "Milunovic, Toni"]
[Result "1/2-1/2"]
[WhiteElo "1928"]
[BlackElo "2072"]
[PlyCount "51"]
[EventDate "2024.12.10"]
[EventType "tourn"]
[EventRounds "9"]
[EventCountry "SRB"]
[SourceTitle "CB04_2025"]
[SourceDate "2025.01.22"]
[SourceVersion "1"]
[SourceVersionDate "2025.01.22"]
[SourceQuality "1"]

1. d4 d5 2. Nf3 e6 3. c4 Nf6 4. g3 dxc4 5. Bg2 a6 6. Ne5 Bb4+ 7. Nc3 Nd5 8. Bd2 b5 9. 0-0 Bxc3 10. Bxc3 Bb7 11. Ba5 0-0 12. b3 cxb3 13. axb3 f6 14. Nd3 Nc6 15. Nc5 Nxa5 16. Rxa5 Bc8 17. Qc2 Rb8 18. Rfa1 Rb6 19. Qd2 Qd6 20. e3 Rd8 21. Qc1 Kf7 22. h4 Kg8 23. Ne4 Qe7 24. Nc5 Qd6 25. Ne4 Qe7 26. Nc5 1/2-1/2

[Event "Shenzhen Guangming"]
[Site "Shenzhen"]
[Date "2024.10.30"]
[Round "9"]
[White "Xia, Jinnan"]
[Black "Liu, Haoling"]
[Result "0-1"]
[WhiteElo "1850"]
[BlackElo "1942"]
[PlyCount "160"]
[EventDate "2024.10.26"]
[EventType "swiss"]
[EventRounds "9"]
[EventCountry "CHN"]
[SourceTitle "CB45_2024"]
[Source "ChessBase"]
[SourceDate "2024.11.06"]
[SourceVersion "1"]
[SourceVersionDate "2024.11.06"]
[SourceQuality "1"]

1. d4 Nf6 2. c4 e6 3. Nc3 d5 4. cxd5 exd5 5. Bg5 Be7 6. e3 0-0 7. Bd3 c6 8. Nge2 Nbd7 9. 0-0 Re8 10. Qd2 Nf8 11. f3 Ne6 12. Bh4 Bd7 13. Bf2 Rc8 14. Bc2 c5 15. dxc5 Bxc5 16. Nxd5 Nxd5 17. Qxd5 Bb5 18. Qxd8 Rexd8 19. Rfe1 Rd2 20. Bd1 Rxb2 21. a4 Ba6 22. Rc1 Rd8 23. Rc2 Rxc2 24. Bxc2 Rd2 25. Bd1 Rxd1 26. Rxd1 Bxe2 27. Rd7 Ba6 28. e4 Kf8 29. Bxc5+ Nxc5 30. Rd8+ Ke7 31. Rg8 g6 32. a5 Bb5 33. h4 h5 34. Kf2 Bd7 35. Ke3 b6 36. axb6 axb6 37. Rb8 b5 38. Kd4 Ne6+ 39. Ke3 Nc7 40. Kf4 Kd6 41. g4 Kc5 42. gxh5 gxh5 43. Kg5 b4 44. Kxh5 Nb5 45. Rd8 Kd6 46. Rg8 b3 47. Rg2 Nd4 48. Rd2 Ke5 49. Kh6 Be8 50. Rd1 Nxf3 51. Rd8 Bc6 52. Rb8 Nxh4 53. Rxb3 Bxe4 54. Kh5 Ng6 55. Rb5+ Bd5 56. Kg5 Nf4 57. Rb6 Ne6+ 58. Kg4 f5+ 59. Kg3 f4+ 60. Kf2 Ng5 61. Rb8 Nh3+ 62. Kf1 Ke4 63. Rb4+ Ke3 64. Ra4 f3 65. Rb4 Be4 66. Rb2 Nf4 67. Kg1 f2+ 68. Rxf2 Nh3+ 69. Kh2 Nxf2 70. Kg3 Bf5 71. Kh4 Kf4 72. Kh5 Ng4 73. Kh4 Bg6 74. Kh3 Ne3 75. Kh4 Ng2+ 76. Kh3 Kf3 77. Kh2 Kf2 78. Kh3 Bf5+ 79. Kh2 Ne3 80. Kh1 Be6 0-1

[Event "Shenzhen Guangming"]
[Site "Shenzhen"]
[Date "2024.10.27"]
[Round "3"]
[White "Yi, Chenxu"]
[Black "Liu, Haoling"]
[Result "1/2-1/2"]
[WhiteElo "1596"]
[BlackElo "1942"]
[PlyCount "146"]
[EventDate "2024.10.26"]
[EventType "swiss"]
[EventRounds "9"]
[EventCountry "CHN"]
[SourceTitle "CB45_2024"]
[Source "ChessBase"]
[SourceDate "2024.11.06"]
[SourceVersion "1"]
[SourceVersionDate "2024.11.06"]
[SourceQuality "1"]

1. d4 Nf6 2. c4 e6 3. Nf3 d5 4. e3 Nbd7 5. cxd5 exd5 6. Bd3 Bd6 7. Nc3 c6 8. Qc2 0-0 9. Bd2 Re8 10. h4 Nf8 11. 0-0-0 Bg4 12. Rdg1 b5 13. Nh2 Bd7 14. g4 b4 15. Na4 Qa5 16. g5 Ne4 17. Bxe4 Rxe4 18. f3 Rxh4 19. Ng4 Rxh1 20. Rxh1 Bxg4 21. fxg4 Qd8 22. Nc5 Rb8 23. Kb1 Qe7 24. Rf1 Bxc5 25. dxc5 Qxg5 26. e4 Qxg4 27. exd5 cxd5 28. c6 Qe4 29. Rc1 Ne6 30. Qxe4 dxe4 31. Be3 f5 32. Bxa7 Rc8 33. a4 f4 34. a5 e3 35. Bb6 e2 36. Bf2 Nd8 37. c7 Ne6 38. a6 Rxc7 39. a7 Rxc1+ 40. Kxc1 Nc7 41. Kd2 Kf7 42. b3 Ke6 43. Bc5 Kd5 44. Bxb4 g5 45. Kxe2 g4 46. Bd2 Ke4 47. Kf2 h5 48. Ba5 Na8 49. Bd8 Kd3 50. Bg5 Ke4 51. Bd8 Kd4 52. Bg5 Ke5 53. Bd8 Ke4 54. Be7 Kd5 55. Bg5 Ke5 56. Bd8 Kf5 57. b4 Ke4 58. b5 Kd5 59. Bg5 Ke4 60. Bd8 Kd5 61. Bg5 f3 62. Kg3 Kc4 63. Be3 Kxb5 64. Bf2 Kc4 65. Kh4 Kd3 66. Kxh5 Ke2 67. Bh4 f2 68. Bxf2 Kxf2 69. Kxg4 Ke3 70. Kf5 Kd4 71. Ke6 Kc5 72. Kd7 Kb6 73. Ke6 Kxa7 1/2-1/2

[Event "Shenzhen Guangming"]
[Site "Shenzhen"]
[Date "2024.10.26"]
[Round "2"]
[White "Liu, Haoling"]
[Black "Chen, Zhiyuan"]
[Result "1/2-1/2"]
[WhiteElo "1942"]
[BlackElo "1757"]
[PlyCount "135"]
[EventDate "2024.10.26"]
[EventType "swiss"]
[EventRounds "9"]
[EventCountry "CHN"]
[SourceTitle "CB45_2024"]
[Source "ChessBase"]
[SourceDate "2024.11.06"]
[SourceVersion "1"]
[SourceVersionDate "2024.11.06"]
[SourceQuality "1"]

1. d4 Nf6 2. Bg5 d5 3. e3 g6 4. Nc3 Bg7 5. Nf3 0-0 6. Bd3 c5 7. dxc5 Qa5 8. 0-0 Qxc5 9. h3 Nc6 10. Bb5 Rd8 11. Bxc6 bxc6 12. Qd4 Qa5 13. Qh4 Ba6 14. Rfe1 Rab8 15. Rab1 Re8 16. Bf4 Rbc8 17. b4 Qd8 18. Be5 e6 19. Qd4 Qe7 20. Na4 Bc4 21. a3 Nh5 22. Bxg7 Nxg7 23. Ne5 Bb5 24. Nc5 f6 25. Nf3 e5 26. Qc3 Ne6 27. Nxe6 Qxe6 28. a4 Ba6 29. Nd2 Qe7 30. Nb3 Rc7 31. Qd2 Bc8 32. Nc5 Be6 33. c3 Bf7 34. Rbd1 Rd8 35. Qd3 Rcc8 36. Qa6 Qc7 37. Rd2 Qb6 38. Red1 Qxa6 39. Nxa6 Kf8 40. f3 Ke7 41. Kf2 Be6 42. Nc5 Bf7 43. e4 dxe4 44. Nxe4 f5 45. Nd6 Ra8 46. Nxf7 Rxd2+ 47. Rxd2 Kxf7 48. Rd7+ Ke6 49. Rxh7 a5 50. Rg7 axb4 51. Rxg6+ Kd5 52. cxb4 Rxa4 53. h4 Rxb4 54. h5 Rh4 55. g4 c5 56. Kg3 Rh1 57. gxf5 Rxh5 58. Kg4 Rh8 59. Rg7 Rc8 60. Rd7+ Kc6 61. Rd1 c4 62. f6 c3 63. Kf5 c2 64. Rc1 Kd6 65. Kg6 Ke6 66. f7 Ke7 67. Kf5 Kxf7 68. Kxe5 1/2-1/2

[Event "Shenzhen Guangming"]
[Site "Shenzhen"]
[Date "2024.10.26"]
[Round "1"]
[White "Zhu, Yanxiao"]
[Black "Liu, Haoling"]
[Result "0-1"]
[WhiteElo "1553"]
[BlackElo "1942"]
[PlyCount "96"]
[EventDate "2024.10.26"]
[EventType "swiss"]
[EventRounds "9"]
[EventCountry "CHN"]
[SourceTitle "CB45_2024"]
[Source "ChessBase"]
[SourceDate "2024.11.06"]
[SourceVersion "1"]
[SourceVersionDate "2024.11.06"]
[SourceQuality "1"]

1. e4 d6 2. d4 Nf6 3. f3 g6 4. c4 Bg7 5. Nc3 0-0 6. Be3 c5 7. dxc5 dxc5 8. Qxd8 Rxd8 9. Bxc5 Nc6 10. Rd1 Rxd1+ 11. Kxd1 Nd7 12. Be3 Bxc3 13. bxc3 b6 14. Ne2 Ba6 15. Nd4 Rc8 16. Nxc6 Rxc6 17. Kc2 f6 18. Kb3 Kf7 19. Be2 Ne5 20. Rd1 Bxc4+ 21. Bxc4+ Nxc4 22. Bf2 Nd6 23. Bg3 e5 24. c4 Ke6 25. Rc1 f5 26. exf5+ gxf5 27. Rc3 Rc8 28. Bf2 Nb7 29. Kb4 Rd8 30. c5 bxc5+ 31. Bxc5 Nxc5 32. Rxc5 Rd2 33. Rc7 Rxa2 34. Rxh7 Rxg2 35. Rxa7 Rxh2 36. Ra3 Rc2 37. Rd3 Rc8 38. Re3 Rc1 39. Kb5 e4 40. fxe4 f4 41. Rh3 Ke5 42. Rh8 Kxe4 43. Kb4 Ke3 44. Rh4 f3 45. Rh8 f2 46. Re8+ Kd2 47. Rd8+ Kc2 48. Rc8+ Kb2 0-1